Mormon Trivia 1 Quiz Stats

 Plays Quiz not verified by Sporcle

Support Sporcle.
Go Orange.
Score 0/40 Timer 10:00
0 Plays Today
% Correct
No
91.3%
Yes
89.6%
Ohio
89.1%
the great apostasy
88.3%
witnesses
88%
Cumorah
87.8%
10%
87.8%
14
87.5%
Snow
86.8%
10
86.8%
handcarts
85.5%
priest
85%
immersion
85%
John the Baptist
85%
baptism1
84.7%
Jordan
84.5%
deacon
84.2%
1830
84.2%
Carthage
83.7%
revelation
83.5%
% Correct
Eve
83.2%
American
82.4%
Jehovah
82.4%
Peter
82.2%
a coat of many colors
81.9%
Saul
81.7%
Samson
81.2%
deacon, teacher, priest
80.7%
old testament
80.4%
a golden calf
79.9%
Adam
79.1%
Samuel the Lamanite
78.9%
the book of mormon
76.8%
the new testament
76.1%
John
70.5%
doctrine and covenants
70.5%
Israel
66.7%
Oliver Cowdery
63.6%
Methuselah
63.1%
Brother of Jared
51.4%

You're not logged in!

Compare scores with friends on all Sporcle quizzes.
OR
Log In

From the Vault

'C' World Metros

by Unidentifiedkiwi

C how many you can get.
Remove Ads.
Support Sporcle.
Get the best of Sporcle when you Go Orange. This ad-free experience offers more features, more stats, and more fun while also helping to support Sporcle. Thank you for becoming a member.

Show Comments

Extras

Top Quizzes Today


Score Distribution

Your Account Isn't Verified!

In order to create a playlist on Sporcle, you need to verify the email address you used during registration. Go to your Sporcle Settings to finish the process.

Report this User

Report this user for behavior that violates our Community Guidelines.

Details: